Loading...

മൂലധനം മതം രാഷ്ട്രീയം /

Bibliographic Details
Main Author: രാജേഷ്, എം.ബി
Other Authors: Rajesh, M.B
Format: Printed Book
Language:English
Published: തിരുവനന്തപുരം : ഹരിതം ബുക്സ്, 2012.
Edition:1st ed.
Subjects:
LEADER 00745nam a22001817a 4500
008 160323b xxu||||| |||| 00| 0 eng d
082 |a 320.5 RAJ 
100 |a രാജേഷ്, എം.ബി. 
240 |a Mooladhanam matham rashtreeyam 
245 |a മൂലധനം മതം രാഷ്ട്രീയം /  |c എം.ബി. രാജേഷ് 
250 |a 1st ed. 
260 |a തിരുവനന്തപുരം :  |b ഹരിതം ബുക്സ്,  |c 2012. 
300 |a 194p. 
650 |a Essays 
700 |a Rajesh, M.B. 
942 |2 ddc  |c BK 
999 |c 14307  |d 14307 
952 |0 0  |1 0  |2 ddc  |4 0  |6 320_500000000000000_RAJ  |7 0  |9 20445  |a MAIN  |b MAIN  |d 2016-03-23  |e Haritham Books  |g 145.00  |l 1  |o 320.5 RAJ  |p 20477  |r 2017-05-11  |s 2016-09-23  |t 1  |w 2016-03-23  |y BK